|
|
|
|
| LEADER |
01680nam a22003977a 4500 |
| 001 |
36380 |
| 003 |
BD-DhAAL |
| 005 |
20191017132347.0 |
| 008 |
191017t2018 nyua b 001 0 eng d |
| 999 |
|
|
|c 41576
|d 41576
|
| 020 |
|
|
|a 9781138230439 (pbk)
|
| 020 |
|
|
|a 9781138230422 (hbk)
|
| 020 |
|
|
|a 9781315385907 (ebk)
|
| 040 |
|
|
|a BD-DhAAL
|
| 082 |
|
|
|a 610.28
|2 23
|
| 245 |
|
|
|a eHealth research, theory, development :
|b multi-disciplinary approach /
|c edited by Lisette van Gemert-Pijnen, Saskia M. Kelders, Hanneke Kip and Robbert Sanderman.
|
| 260 |
|
|
|a New York, NY :
|b Routledge,
|c c2018.
|
| 300 |
|
|
|a xx, 355 pages :
|b illustrations ;
|c 24 cm.
|
| 504 |
|
|
|a Includes bibliographical references and index.
|
| 526 |
|
|
|a PHR
|
| 541 |
|
|
|a Trim Education
|e 36380, 36381
|
| 650 |
|
|
|a Telemedicine.
|9 36100
|
| 650 |
|
|
|a Interdisciplinary Research.
|9 36101
|
| 650 |
|
|
|a Medical telematics.
|9 36102
|
| 650 |
|
|
|a Telecommunication in medicine.
|9 36103
|
| 650 |
|
|
|a Medical technology.
|9 36104
|
| 650 |
|
|
|a Medical informatics.
|9 36105
|
| 650 |
|
|
|a Pharmacy.
|9 36115
|
| 700 |
|
|
|a Gemert-Pijnen, Lisette van
|9 36106
|
| 700 |
|
|
|a Kelders, Saskia M.
|9 36107
|
| 700 |
|
|
|a Kip, Hanneke
|9 36108
|
| 700 |
|
|
|a Sanderman, Robbert
|9 36109
|
| 852 |
|
|
|a Ayesha Abed Library
|c General Stacks
|
| 942 |
|
|
|2 ddc
|c BK
|
| 952 |
|
|
|0 0
|1 0
|2 ddc
|4 0
|6 610_280000000000000_EHE
|7 0
|9 66730
|a BRACUL
|b BRACUL
|c GEN
|d 2019-10-15
|e Trim Education
|g 2450.00
|l 0
|o 610.28 EHE
|p 3010036380
|r 2019-10-15
|t 1
|v 2450.00
|w 2019-10-15
|y BK
|
| 952 |
|
|
|0 0
|1 0
|2 ddc
|4 0
|6 610_280000000000000_EHE
|7 0
|9 66731
|a BRACUL
|b BRACUL
|c GEN
|d 2019-10-15
|e Trim Education
|g 2450.00
|l 0
|o 610.28 EHE
|p 3010036381
|r 2019-10-15
|t 2
|v 2450.00
|w 2019-10-15
|y BK
|